000 00931nam a2200229 a 4500
005 20200104041543.0
008 140312s1998 ck ab gr||||o000 0 spa d
040 _aCO-BoIAVH
_cCO-BoIAVH
041 0 _aspa
044 _ack
082 0 4 _a333.7071
_bM66r
110 2 _aColombia
_bMinisterio del Medio Ambiente
245 1 0 _aRed nacional de educación ambiental - Tarapa /
_cMinisterio de Medio Ambiente, Corporación Autónoma Regional de la Frontera Nororiental
260 _aBogotá :
_bMinisterio de Medio Ambiente :
_bCorporación Autónoma Regional de la Frontera Nororiental ,
_c1998.
300 _a22 páginas:
_bIlustraciones, mapa ;
_c28 x 23 cm.
650 6 _aEducación ambiental
650 6 _aParticipación ciudadana
650 6 _aPolítica ambiental
662 _aColombia
710 2 _aCorporación Autónoma Regional de la Frontera Nororiental (CORPONOR)
942 _cLIBRO
_2ddc
999 _c3768
_d3768